Joueurs ayant gagné la LDC avec 2 clubs différents - Statistiques

Statistiques générales
  • Ce quiz a été pris 276 fois
  • Le résultat moyen est 16 sur 29
Statistiques - réponses
Clubs vainqueurs (années des titres) Nombre total de titre Poste Joueur Nationalité % Correct
Manchester United (2008), Real Madrid (2014, 2016, 2017, 2018) 5 Titres Avant-centre Cristiano Ronaldo Portugais
98%
Real Madrid (2000), FC Barcelone (2006, 2009), Inter Milan (2010) 4 Titres Avant-centre Samuel Eto'o Cameroun
89%
Bayern Munich (2013), Real Madrid (2016, 2017, 2018, 2022, 2024) 6 Titres Milieu central Toni Kroos Allemand
89%
Bayern Munich (2013,2020) Real Madrid (2022, 2024) 4 Titres Défenseur central David Alaba Autrichien
85%
Manchester United (2008), FC Barcelone (2009, 2011, 2015) 4 Titres Défenseur central Gerard Piqué Espagnol
85%
Real Madrid (2018), Paris Saint-Germain (2025) 2 Titres Arrière droit Achraf Hakimi Marocain
82%
Chelsea FC (2021), Real Madrid (2024) 2 Titres Défenseur central Antonio Rüdiger Allemand
75%
Bayern Munich (2020), Paris Saint-Germain (2025) 2 Titres Arrière gauche Lucas Hernández Francais
75%
Real Madrid (2016, 2017, 2018) Chelsea FC (2021) 4 Titres Milieu central Mateo Kovacic Croate
75%
Ajax (1995), Real Madrid (1998), AC Milan (2003, 2007) 4 Titres Milieu central Clarence Seedorf Néerlandais
66%
Olympique de Marseille (1993), Juventus Turin (1996) 2 Titres Milieu défensif Didier Deschamps Francais
66%
Ajax Amsterdam (1995), Manchester United (2008) 2 Titres Gardien de but Edwin van der Sar Néerlandais
65%
Chelsea FC (2021), Real Madrid (2024) 2 Titres Gardien de but Kepa Arrizabalaga Espagnol
63%
FC Liverpool (2005), Real Madrid (2014) 2 Titres Milieu défensif Xabi Alonso Espagnol
62%
FC Porto (2004), FC Barcelone (2006) 2 Titres Milieu offensif Deco Portugais
61%
Real Madrid (2017, 2018, 2022) Paris Saint-Germain (2025) 4 Titres Milieu offensif Marco Asensio Espagnol
61%
Bayern Munich (2013), FC Liverpool (2019) 2 Titres Milieu offensif Xherdan Shaqiri Suisse
58%
FC Barcelone (2011), Bayern Munich (2020) 2 Titres Milieu central Thiago Alcántara Espagnol
54%
Olympique de Marseille (1993), AC Milan (1994) 2 Titres Défenseur central Marcel Desailly Francais
52%
FC Barcelone (2006), Inter Milan (2010) 2 Titres Milieu défensif Thiago Motta Italien
39%
PSV Eindhoven (1988), FC Barcelone (1992) 2 Titres Libéro Ronald Koeman Néerlandais
38%
AC Milan (1989, 1990), Ajax (1995) 3 Titres Milieu défensif Frank Rijkaard Néerlandais
33%
Chelsea FC (2012), FC Liverpool (2019) 2 Titres Avant-centre Daniel Sturridge Anglais
30%
FC Liverpool (2005), Manchester City (2023) 2 Titres Gardien de but Scott Carson Anglais
21%
FC Porto (2004), Chelsea FC (2012) 2 Titres Arrière droit Bosingwa Portugais
20%
FC Porto (2004), Chelsea FC (2012) 2 Titres Arrière droit Paulo Ferreira Portugais
15%
Real Madrid (1998, 2000), AC Milan (2003) 3 Titres Milieu défensif Fernando Redondo Argentin
12%
Juventus Turin (1996), Borussia Dortmund (1997) 2 Titres Milieu central Paulo Sousa Portugais
9%
AC Milan (1994), Real Madrid (1998) 2 Titres Arrière droit Christian Panucci Italien
5%
Aucun quiz correspondant
Distribution des résultats
% des personnes avec chaque résultat
Percentile par nombre de réponses
Votre historique - résultats
Vous n’avez pas pris ce quiz